000 00749nam a2200265 a 4500
001 37890
003 BD-RjUL
005 20211209052701.0
008 070920s2007 nyua b 101 0 eng c
020 _a9788178803227
035 _a(BD-RjUL) 37995
040 _aNHM
_cNHM
_dBAKER
_dCUS
_dDLC
_dBD-RjUL
_beng
041 _aeng
082 _a620.5
_bMAN 2007
245 1 0 _aNanotechnology Applications /
_c K.P. Mathur
250 _a1st ed.
260 _aNew Delhi. :
_bRajat Publications,
_c2007.
300 _aivi, 271 p. :
_c25 cm.
504 _aIncludes bibliography and index.
650 0 _aNanotechnology
_vCongresses.
_9117390
700 1 _aMathur, K.P.
_9117391
942 _2ddc
_cBK
999 _c37890
_d37890